000 00659nam a2200133Ia 4500
008 171212s9999 xx 000 0 und d
020 _a9780833046840
100 _aGompert, David C.;Johnson, Stuart E.;Libicki, Martin C.;Frelinger, David R.;Gordon, John IV
245 _cGompert, David C.;Johnson, Stuart E.;Libicki, Martin C.;Frelinger, David R.;Gordon, John IV
_aUnderkill
_bScalable Capabilities for Military Operations amid Populations
260 _bRAND Corporation
_c2009
650 _aPolitical Science
650 _aUrban warfare; Counterinsurgency; United States -- Armed Forces -- Drill and tactics
856 _uwww.jstor.org/stable/10.7249/mg848osd
999 _c352775
_d352775